Science Quiz

Random Science Quiz

British Inventions Quiz Stats

 Plays Quiz not verified by Sporcle

Challenge
Share
Tweet
Embed
Score 0/20 Timer 07:00
0 Plays Today
Who Invention/Founder % Correct
Alexander Graham BellTelephone
75.9%
Isaac NewtonTheory of Gravity
70.7%
Charles DarwinTheory of Evolution
65.5%
Ian FlemingJames Bond
63.8%
Tim Berners-LeeWorld Wide Web
56.9%
Charles BabbageComputer
53.4%
Alexander Fleming Penicillin
53.4%
John Logie BairdTelevision
50%
James DysonBagless Vacuum Cleaner
44.8%
Richard Trevithick / George StevensonSteam Locomotive
43.1%
Who Invention/Founder % Correct
LiverpoolThe Beatles
32.8%
David Edward HughesRadio Signals
8.6%
British ColoniesUnited States of America
6.9%
Pretty Much Everyone ThereEnglish Language
6.9%
Britain as a WholeModern Sport
3.4%
Robert HookeHookes Law
3.4%
Christopher HoltumMotor Car
1.7%
Thomas WedgewoodPhotograph
1.7%
Sir Henry ColeChristmas Card
1.7%
William BourneSubamarine
0%

You're not logged in!

Compare scores with friends on all Sporcle quizzes.
Join for Free
OR
Log In

You Might Also Like...

Show Comments

Extras

Top Quizzes Today


Score Distribution

Your Account Isn't Verified!

In order to create a playlist on Sporcle, you need to verify the email address you used during registration. Go to your Sporcle Settings to finish the process.

Report this User

Report this user for behavior that violates our Community Guidelines.

Details: